Capital cities of North american countries - Statistics

General Stats
  • This quiz has been taken 361 times
    354 since last reset
  • The average score is 13 of 23
Answer Stats
Country Capital % Correct
Usa Washington
99%
Mexico Mexico City
98%
Canada Ottawa
92%
Cuba Havana
80%
Guatemala Guatemala City
74%
Jamaica Kingston
74%
St vincent Kingstown
74%
Panama Panama City
74%
El Salvador San Salvador
62%
Haiti Port-Au-Prince
60%
Costa rica San Jose
59%
Dominican Republic Santo Domingo
55%
Bahamas Nassau
50%
Trinidad And Tobago Port of Spain
47%
Nicaragua Managua
46%
Honduras Tegucigalpa
41%
Barbados Bridgetown
37%
Antigua and Barbuda St Johns
37%
Belize Belmopan
36%
Grenada St georges
35%
Dominica Roseau
31%
St kitts Basseterre
25%
St Lucia Castries
24%
No matching quizzes found
Score Distribution
Percent of People with Each Score
Percentile by Number Answered
Your Score History
You have not taken this quiz since the last reset